Statistics for Fictional Characters with Alliterative Names #2

Click here to take the quiz!

General Stats

  • This quiz has been taken 23,069 times
  • The average score is 12 of 20

Answer Stats

ClueCharacter% Correct
MMinnie's boyfriendMickey Mouse
95%
BVery tall "Sesame Street" starBig Bird
92%
PNeverland residentPeter Pan
89%
LClark Kent's love interestLois Lane
84%
SBikini Bottom residentSpongebob Squarepants
79%
MHe went back to the futureMarty McFly
75%
BHe becomes the HulkBruce Banner
74%
BFlapper cartoon with
big eyelashes
Betty Boop
68%
GSpiderman enemyGreen Goblin
68%
WCartoon bird with a
distinctive laugh
Woody Woodpecker
58%
D"You're despicable!", he lispsDaffy Duck
56%
M"Halloween" bad guyMichael Myers
55%
CHarry Potter's first kissCho Chang
53%
PTony Stark's assistantPepper Potts
53%
W"Breaking Bad" anti-heroWalter White
52%
MHead of Gryffindor houseMinerva McGonagall
48%
RLucy's husbandRicky Ricardo
39%
T"Tool Time" starTim Taylor
36%
S"Glee" antagonistSue Sylvester
26%
BTobias Fünke's brother-in-lawBuster Bluth
17%

Score Distribution

Percentile by Number Answered

Percent of People with Each Score

Your Score History

You have not taken this quiz